[Event "Villarobledo Online Qualifyer"]
[Site "playchess.com #155672"]
[Date "2009.05.23"]
[Round "9"]
[White "Kendo"]
[Black "Artur95"]
[Result "1/2-1/2"]
[WhiteElo "2745"]
[BlackElo "2406"]
[PlyCount "95"]
[EventDate "2009.05.23"]
[EventType "swiss (blitz)"]

1. d4 {[%emt 0:00:03] Artur95 ïðåäëàãàåò íè~~üo^} d5 {[%emt 0:00:01]} 2. Nf3 {
[%emt 0:00:09]} Nf6 {[%emt 0:00:02]} 3. Bf4 {[%emt 0:00:03]} e6 {[%emt 0:00:01]
} 4. e3 {[%emt 0:00:01]} Bd6 {[%emt 0:00:00]} 5. Bg3 {[%emt 0:00:02]} c5 {
[%emt 0:00:00]} 6. c3 {[%emt 0:00:01]} Nc6 {[%emt 0:00:01]} 7. Nbd2 {[%emt 0:
00:05]} Qe7 {[%emt 0:00:01]} 8. Bd3 {[%emt 0:00:05]} e5 {[%emt 0:00:02]} 9.
dxe5 {[%emt 0:00:03]} Nxe5 {[%emt 0:00:00]} 10. Nxe5 {[%emt 0:00:01]} Bxe5 {
[%emt 0:00:00]} 11. Bxe5 {[%emt 0:00:03]} Qxe5 {[%emt 0:00:00]} 12. Nf3 {[%emt
0:00:01]} Qe7 {[%emt 0:00:01]} 13. Bb5+ {[%emt 0:00:07]} Bd7 {[%emt 0:00:02]}
14. Qa4 {[%emt 0:00:01]} Bxb5 {[%emt 0:00:03]} 15. Qxb5+ {[%emt 0:00:01]} Kf8 {
[%emt 0:00:27]} 16. O-O {[%emt 0:00:06]} g6 {[%emt 0:00:01]} 17. b4 {[%emt 0:
00:10]} a6 {[%emt 0:00:09]} 18. Qxc5 {[%emt 0:00:39]} Qxc5 {[%emt 0:00:13]} 19.
bxc5 {[%emt 0:00:00]} Ke7 {[%emt 0:00:05]} 20. Rab1 {[%emt 0:00:03]} Rab8 {
[%emt 0:00:03]} 21. Nd4 {[%emt 0:00:28]} Kd7 {[%emt 0:00:10]} 22. Rb6 {[%emt 0:
00:11]} Ne4 {[%emt 0:00:03]} 23. c6+ {[%emt 0:00:06]} bxc6 {[%emt 0:00:09]} 24.
Rxc6 {[%emt 0:00:02]} Rhc8 {[%emt 0:00:20]} 25. Rxa6 {[%emt 0:00:07]} Rxc3 {
[%emt 0:00:04]} 26. Ra7+ {[%emt 0:00:09]} Rc7 {[%emt 0:00:01]} 27. Rxc7+ {
[%emt 0:00:06]} Kxc7 {[%emt 0:00:00]} 28. Rc1+ {[%emt 0:00:04]} Kd7 {[%emt 0:
00:01]} 29. f3 {[%emt 0:00:03]} Nd6 {[%emt 0:00:01]} 30. Kf2 {[%emt 0:00:07]}
Nc4 {[%emt 0:00:15]} 31. e4 {[%emt 0:00:08]} Kd6 {[%emt 0:00:02]} 32. exd5 {
[%emt 0:00:17]} Kxd5 {[%emt 0:00:01]} 33. Nb3 {[%emt 0:00:01]} Ra8 {[%emt 0:00:
06]} 34. Rc2 {[%emt 0:00:03]} Na3 {[%emt 0:00:09]} 35. Rc7 {[%emt 0:00:08]} Ke6
{[%emt 0:00:08]} 36. Nd4+ {[%emt 0:00:04]} Kf6 {[%emt 0:00:03]} 37. Rc1 {[%emt
0:00:17]} Ra4 {[%emt 0:00:06]} 38. Ne2 {[%emt 0:00:06] Artur95 ïðåäëàãàåò
íè~~üo^} Nc4 {[%emt 0:00:01]} 39. Rc2 {[%emt 0:00:01]} Na3 {[%emt 0:00:01]} 40.
Rb2 {[%emt 0:00:01]} Nc4 {[%emt 0:00:01]} 41. Rc2 {[%emt 0:00:01]} Na3 {[%emt
0:00:01]} 42. Rc6+ {[%emt 0:00:04]} Kg7 {[%emt 0:00:01]} 43. Rd6 {[%emt 0:00:
01]} Nb5 {[%emt 0:00:02]} 44. Rd2 {[%emt 0:00:02]} Na3 {[%emt 0:00:01]} 45. h3
{[%emt 0:00:03]} Nc4 {[%emt 0:00:01]} 46. Rc2 {[%emt 0:00:01]} Na3 {[%emt 0:00:
01]} 47. Rd2 {[%emt 0:00:01]} Nc4 {[%emt 0:00:01] Kendo bietet Remis} 48. Rc2 {
[%emt 0:00:01]} 1/2-1/2

[Event "Villarobledo Online Qualifyer"]
[Site "playchess.com #155672"]
[Date "2009.05.23"]
[Round "9"]
[White "Kakaku"]
[Black "Altruder"]
[Result "0-1"]
[WhiteElo "1866"]
[BlackElo "1685"]
[PlyCount "60"]
[EventDate "2009.05.23"]
[EventType "swiss (blitz)"]

1. d4 {[%emt 0:00:01]} Nf6 {[%emt 0:00:01]} 2. Nf3 {[%emt 0:00:02]} g6 {[%emt
0:00:01]} 3. Nc3 {[%emt 0:00:02]} d5 {[%emt 0:00:02]} 4. Bf4 {[%emt 0:00:02]}
Bg7 {[%emt 0:00:01]} 5. e3 {[%emt 0:00:00]} O-O {[%emt 0:00:01]} 6. Be2 {[%emt
0:00:00]} Nbd7 {[%emt 0:00:01]} 7. Nb5 {[%emt 0:00:13]} c6 {[%emt 0:00:10]} 8.
Nc3 {[%emt 0:00:12]} Nh5 {[%emt 0:00:03]} 9. Bg5 {[%emt 0:00:04]} h6 {[%emt 0:
00:04]} 10. Bh4 {[%emt 0:00:01]} g5 {[%emt 0:00:01]} 11. Nd2 {[%emt 0:00:03]}
Nhf6 {[%emt 0:00:05]} 12. Bg3 {[%emt 0:00:01]} Re8 {[%emt 0:00:02]} 13. h4 {
[%emt 0:00:02]} e5 {[%emt 0:00:06]} 14. hxg5 {[%emt 0:00:06]} hxg5 {[%emt 0:00:
01]} 15. dxe5 {[%emt 0:00:02]} Nxe5 {[%emt 0:00:01]} 16. Bxe5 {[%emt 0:00:18]}
Rxe5 {[%emt 0:00:00]} 17. Bd3 {[%emt 0:00:04]} Bf5 {[%emt 0:00:01]} 18. Nf3 {
[%emt 0:00:09]} Bg4 {[%emt 0:00:10]} 19. Qd2 {[%emt 0:00:06]} Bxf3 {[%emt 0:00:
05]} 20. gxf3 {[%emt 0:00:00]} d4 {[%emt 0:00:01]} 21. Ne2 {[%emt 0:00:07]}
dxe3 {[%emt 0:00:03]} 22. fxe3 {[%emt 0:00:05]} Qe7 {[%emt 0:00:01]} 23. e4 {
[%emt 0:00:11]} Rd8 {[%emt 0:00:04]} 24. O-O-O {[%emt 0:00:04]} g4 {[%emt 0:00:
04]} 25. Qf4 {[%emt 0:00:20]} gxf3 {[%emt 0:00:09]} 26. Qxf3 {[%emt 0:00:03]}
Nxe4 {[%emt 0:00:07]} 27. Rdg1 {[%emt 0:00:17]} Ng5 {[%emt 0:00:16]} 28. Qg3 {
[%emt 0:01:10]} Re8 {[%emt 0:00:50] '} 29. Nf4 {[%emt 0:00:08]} Qf6 {[%emt 0:
00:55]} 30. Rf1 {[%emt 0:00:02]} Re3 {[%emt 0:00:06] Time} 0-1

[Event "Villarobledo Online Qualifyer"]
[Site "playchess.com #155672"]
[Date "2009.05.23"]
[Round "9"]
[White "Buster hyman"]
[Black "Kingsize"]
[Result "1-0"]
[WhiteElo "1689"]
[BlackElo "1473"]
[PlyCount "99"]
[EventDate "2009.05.23"]
[EventType "swiss (blitz)"]

1. e4 {[%emt 0:00:03]} e5 {[%emt 0:00:02]} 2. Nf3 {[%emt 0:00:02]} Nc6 {[%emt
0:00:01]} 3. Bc4 {[%emt 0:00:02]} Bc5 {[%emt 0:00:01]} 4. O-O {[%emt 0:00:03]}
Nf6 {[%emt 0:00:01]} 5. d4 {[%emt 0:00:05]} Bxd4 {[%emt 0:00:05]} 6. Nxd4 {
[%emt 0:00:07]} Nxd4 {[%emt 0:00:01]} 7. f4 {[%emt 0:00:03]} d6 {[%emt 0:00:05]
} 8. c3 {[%emt 0:00:05]} Nc6 {[%emt 0:00:05]} 9. f5 {[%emt 0:00:05]} Nxe4 {
[%emt 0:00:06]} 10. Qg4 {[%emt 0:00:05]} Nc5 {[%emt 0:00:51]} 11. Qxg7 {[%emt
0:00:09]} Rf8 {[%emt 0:00:01]} 12. Bh6 {[%emt 0:00:08]} Kd7 {[%emt 0:00:28]}
13. Qxf8 {[%emt 0:00:51]} Qxf8 {[%emt 0:00:04]} 14. Bxf8 {[%emt 0:00:00]} f6 {
[%emt 0:00:03]} 15. b4 {[%emt 0:00:06]} Ne4 {[%emt 0:00:06]} 16. Bd5 {[%emt 0:
00:18]} Ne7 {[%emt 0:00:02]} 17. Bxe4 {[%emt 0:00:08]} Ng8 {[%emt 0:00:01]} 18.
Bg7 {[%emt 0:00:05]} c6 {[%emt 0:00:02]} 19. Nd2 {[%emt 0:00:03]} d5 {[%emt 0:
00:01]} 20. Bf3 {[%emt 0:00:07]} Kd6 {[%emt 0:00:03]} 21. Bf8+ {[%emt 0:00:02]}
Ne7 {[%emt 0:00:05]} 22. Bxe7+ {[%emt 0:00:01]} Kxe7 {[%emt 0:00:01]} 23. c4 {
[%emt 0:00:02]} e4 {[%emt 0:00:06]} 24. Nxe4 {[%emt 0:00:06]} dxe4 {[%emt 0:00:
02]} 25. Bxe4 {[%emt 0:00:01]} Kf7 {[%emt 0:00:01]} 26. b5 {[%emt 0:00:03]} Bd7
{[%emt 0:00:02]} 27. bxc6 {[%emt 0:00:02]} bxc6 {[%emt 0:00:02]} 28. Rab1 {
[%emt 0:00:02]} Re8 {[%emt 0:00:07]} 29. Rfe1 {[%emt 0:00:02]} Re7 {[%emt 0:00:
07]} 30. Kf2 {[%emt 0:00:02]} Kg7 {[%emt 0:00:03]} 31. Bf3 {[%emt 0:00:02]} Rf7
{[%emt 0:00:01]} 32. Rb7 {[%emt 0:00:05]} Bxf5 {[%emt 0:00:03]} 33. Rxf7+ {
[%emt 0:00:02]} Kxf7 {[%emt 0:00:01]} 34. Bxc6 {[%emt 0:00:03]} h5 {[%emt 0:00:
02]} 35. Bd5+ {[%emt 0:00:01]} Kg7 {[%emt 0:00:02]} 36. g3 {[%emt 0:00:01]} a5
{[%emt 0:00:04]} 37. a3 {[%emt 0:00:02]} a4 {[%emt 0:00:01]} 38. Ke3 {[%emt 0:
00:01]} Bc2 {[%emt 0:00:03]} 39. Kf4 {[%emt 0:00:02]} Bb3 {[%emt 0:00:01]} 40.
Re3 {[%emt 0:00:08]} Kg6 {[%emt 0:00:02]} 41. Be6 {[%emt 0:00:03]} Kg7 {[%emt
0:00:03]} 42. c5 {[%emt 0:00:02]} Bc2 {[%emt 0:00:01]} 43. c6 {[%emt 0:00:03]}
h4 {[%emt 0:00:02]} 44. c7 {[%emt 0:00:03]} hxg3 {[%emt 0:00:02]} 45. hxg3 {
[%emt 0:00:02]} Kg6 {[%emt 0:00:02]} 46. c8=Q {[%emt 0:00:02]} Bd1 {[%emt 0:00:
02]} 47. Qg8+ {[%emt 0:00:02]} Kh6 {[%emt 0:00:02]} 48. g4 {[%emt 0:00:06]}
Bxg4 {[%emt 0:00:03]} 49. Bxg4 {[%emt 0:00:06]} f5 {[%emt 0:00:01]} 50. Re6# {
[%emt 0:00:02]} 1-0

[Event "Villarobledo Online Qualifyer"]
[Site "playchess.com #155672"]
[Date "2009.05.23"]
[Round "9"]
[White "Molina"]
[Black "Juanma9413"]
[Result "0-1"]
[WhiteElo "1564"]
[BlackElo "1826"]
[PlyCount "122"]
[EventDate "2009.05.23"]
[EventType "swiss (blitz)"]

1. d4 {[%emt 0:00:02]} g6 {[%emt 0:00:01]} 2. c4 {[%emt 0:00:06]} Bg7 {[%emt 0:
00:00]} 3. Nc3 {[%emt 0:00:02]} c5 {[%emt 0:00:00]} 4. d5 {[%emt 0:00:02]}
Bxc3+ {[%emt 0:00:01]} 5. bxc3 {[%emt 0:00:02]} f5 {[%emt 0:00:00]} 6. e3 {
[%emt 0:00:06]} Nf6 {[%emt 0:00:02]} 7. Nf3 {[%emt 0:00:01]} d6 {[%emt 0:00:01]
} 8. Bd3 {[%emt 0:00:01]} Qa5 {[%emt 0:00:01]} 9. Bb2 {[%emt 0:00:04]} Nbd7 {
[%emt 0:00:03]} 10. O-O {[%emt 0:00:01]} Nb6 {[%emt 0:00:07]} 11. Ng5 {[%emt 0:
00:16]} h6 {[%emt 0:00:04]} 12. Ne6 {[%emt 0:00:05]} Bxe6 {[%emt 0:00:01]} 13.
dxe6 {[%emt 0:00:01]} O-O-O {[%emt 0:00:01]} 14. Qb3 {[%emt 0:00:29]} Ng4 {
[%emt 0:00:17]} 15. Qb5 {[%emt 0:00:07]} Qa4 {[%emt 0:00:13]} 16. e4 {[%emt 0:
00:15]} Ne5 {[%emt 0:00:03]} 17. Be2 {[%emt 0:00:14]} fxe4 {[%emt 0:00:05]} 18.
f4 {[%emt 0:00:04]} exf3 {[%emt 0:00:06]} 19. Bxf3 {[%emt 0:00:01]} Nexc4 {
[%emt 0:00:03]} 20. Qxa4 {[%emt 0:00:23]} Nxa4 {[%emt 0:00:03]} 21. Bc1 {[%emt
0:00:05]} Ne5 {[%emt 0:00:04]} 22. Bd5 {[%emt 0:00:09]} Nxc3 {[%emt 0:00:02]}
23. Bb3 {[%emt 0:00:03]} Ne2+ {[%emt 0:00:08]} 24. Kh1 {[%emt 0:00:02]} Nxc1 {
[%emt 0:00:04]} 25. Raxc1 {[%emt 0:00:06]} Rdf8 {[%emt 0:00:00]} 26. Bd5 {
[%emt 0:00:05]} b6 {[%emt 0:00:06]} 27. g3 {[%emt 0:00:03]} Kd8 {[%emt 0:00:06]
} 28. Kg2 {[%emt 0:00:02]} Ke8 {[%emt 0:00:01]} 29. Rf2 {[%emt 0:00:12]} Rxf2+
{[%emt 0:00:02]} 30. Kxf2 {[%emt 0:00:02]} Rf8+ {[%emt 0:00:00]} 31. Kg2 {
[%emt 0:00:02]} Rf6 {[%emt 0:00:12]} 32. Rc3 {[%emt 0:00:05]} Kd8 {[%emt 0:00:
03]} 33. Ra3 {[%emt 0:00:01]} a5 {[%emt 0:00:01]} 34. Rb3 {[%emt 0:00:01]} Kc7
{[%emt 0:00:01]} 35. a4 {[%emt 0:00:02]} Nc6 {[%emt 0:00:03]} 36. h4 {[%emt 0:
00:04]} Nd4 {[%emt 0:00:01]} 37. Re3 {[%emt 0:00:03]} b5 {[%emt 0:00:05]} 38.
axb5 {[%emt 0:00:02]} Kb6 {[%emt 0:00:01]} 39. Re1 {[%emt 0:00:05]} Kxb5 {
[%emt 0:00:03]} 40. Rb1+ {[%emt 0:00:01]} Ka4 {[%emt 0:00:03]} 41. Rb7 {[%emt
0:00:03]} Rf5 {[%emt 0:00:05]} 42. Bc4 {[%emt 0:00:04]} Nc2 {[%emt 0:00:15]}
43. Rxe7 {[%emt 0:00:08]} Ne3+ {[%emt 0:00:02]} 44. Kh3 {[%emt 0:00:02]} Nxc4 {
[%emt 0:00:01]} 45. Rd7 {[%emt 0:00:01]} Re5 {[%emt 0:00:01]} 46. e7 {[%emt 0:
00:01]} d5 {[%emt 0:00:03]} 47. Rxd5 {[%emt 0:00:07]} Rxe7 {[%emt 0:00:03]} 48.
Rxc5 {[%emt 0:00:01]} Nb2 {[%emt 0:00:03]} 49. Rc6 {[%emt 0:00:01]} Rg7 {[%emt
0:00:03]} 50. Kg4 {[%emt 0:00:01]} Ka3 {[%emt 0:00:04]} 51. Rb6 {[%emt 0:00:01]
} a4 {[%emt 0:00:01]} 52. h5 {[%emt 0:00:01]} gxh5+ {[%emt 0:00:02]} 53. Kxh5 {
[%emt 0:00:01]} Rxg3 {[%emt 0:00:01]} 54. Kxh6 {[%emt 0:00:00]} Rb3 {[%emt 0:
00:02]} 55. Rc6 {[%emt 0:00:03]} Ka2 {[%emt 0:00:01]} 56. Rc1 {[%emt 0:00:02]}
a3 {[%emt 0:00:01]} 57. Kg5 {[%emt 0:00:02]} Na4 {[%emt 0:00:01]} 58. Kf4 {
[%emt 0:00:02]} Kb2 {[%emt 0:00:01]} 59. Rf1 {[%emt 0:00:05]} a2 {[%emt 0:00:
02]} 60. Rf2+ {[%emt 0:00:01]} Ka3 {[%emt 0:00:01]} 61. Rf1 {[%emt 0:00:01]}
Rb1 {[%emt 0:00:01] Molina rinde} 0-1

[Event "Villarobledo Online Qualifyer"]
[Site "playchess.com #155672"]
[Date "2009.05.23"]
[Round "9"]
[White "Schnickschnack"]
[Black "Lacryma"]
[Result "1-0"]
[WhiteElo "2069"]
[BlackElo "1817"]
[PlyCount "89"]
[EventDate "2009.05.23"]
[EventType "swiss (blitz)"]

1. c4 {[%emt 0:00:01]} f5 {[%emt 0:00:02]} 2. Nc3 {[%emt 0:00:01]} Nf6 {[%emt
0:00:02]} 3. g3 {[%emt 0:00:02]} g6 {[%emt 0:00:02]} 4. Bg2 {[%emt 0:00:02]}
Bg7 {[%emt 0:00:01]} 5. Nf3 {[%emt 0:00:02]} O-O {[%emt 0:00:02]} 6. O-O {
[%emt 0:00:00]} d6 {[%emt 0:00:01]} 7. d4 {[%emt 0:00:00]} Qe8 {[%emt 0:00:03]}
8. Qc2 {[%emt 0:00:05]} e5 {[%emt 0:00:27]} 9. dxe5 {[%emt 0:00:06]} dxe5 {
[%emt 0:00:03]} 10. e4 {[%emt 0:00:01]} Nc6 {[%emt 0:00:04]} 11. Bg5 {[%emt 0:
00:10]} Qf7 {[%emt 0:00:08]} 12. Rad1 {[%emt 0:00:12]} Qxc4 {[%emt 0:00:12]}
13. Nd2 {[%emt 0:00:27]} Qf7 {[%emt 0:00:14]} 14. Bxf6 {[%emt 0:00:17]} Bxf6 {
[%emt 0:00:05]} 15. Nd5 {[%emt 0:00:09]} Bg7 {[%emt 0:00:03]} 16. Nb3 {[%emt 0:
00:06]} f4 {[%emt 0:00:09]} 17. f3 {[%emt 0:00:11]} fxg3 {[%emt 0:00:04]} 18.
hxg3 {[%emt 0:00:01]} Be6 {[%emt 0:00:11]} 19. Rf2 {[%emt 0:00:04]} Rac8 {
[%emt 0:00:09]} 20. Bf1 {[%emt 0:00:05]} Nd4 {[%emt 0:00:03]} 21. Nxd4 {[%emt
0:00:14]} exd4 {[%emt 0:00:01]} 22. b3 {[%emt 0:00:19]} c6 {[%emt 0:00:03]} 23.
Nf4 {[%emt 0:00:01]} Kh8 {[%emt 0:00:11]} 24. Rh2 {[%emt 0:00:14]} Rcd8 {[%emt
0:00:07]} 25. Bd3 {[%emt 0:00:10]} Be5 {[%emt 0:00:02]} 26. Nxe6 {[%emt 0:00:
09]} Qxe6 {[%emt 0:00:01]} 27. f4 {[%emt 0:00:01]} Bc7 {[%emt 0:00:11]} 28. e5
{[%emt 0:00:14]} Qg4 {[%emt 0:00:05]} 29. Bxg6 {[%emt 0:00:15]} Rxf4 {[%emt 0:
00:07]} 30. Bxh7 {[%emt 0:00:06]} Qxg3+ {[%emt 0:00:04]} 31. Rg2 {[%emt 0:00:
03]} Qe3+ {[%emt 0:00:01]} 32. Rf2 {[%emt 0:00:06]} Qxf2+ {[%emt 0:00:11]} 33.
Qxf2 {[%emt 0:00:01]} Rxf2 {[%emt 0:00:01]} 34. Kxf2 {[%emt 0:00:02]} Bxe5 {
[%emt 0:00:00]} 35. Bd3 {[%emt 0:00:03]} a6 {[%emt 0:00:03]} 36. Rh1+ {[%emt 0:
00:01]} Kg7 {[%emt 0:00:01]} 37. Rh7+ {[%emt 0:00:01]} Kf6 {[%emt 0:00:03]} 38.
Rxb7 {[%emt 0:00:01]} Ra8 {[%emt 0:00:06]} 39. Rb6 {[%emt 0:00:01]} Ke7 {[%emt
0:00:06]} 40. Rxc6 {[%emt 0:00:01]} a5 {[%emt 0:00:01]} 41. Bc4 {[%emt 0:00:02]
} a4 {[%emt 0:00:01]} 42. Re6+ {[%emt 0:00:01]} Kd7 {[%emt 0:00:02]} 43. Rxe5 {
[%emt 0:00:01]} axb3 {[%emt 0:00:00]} 44. Bxb3 {[%emt 0:00:01]} Rxa2+ {[%emt 0:
00:02]} 45. Bxa2 {[%emt 0:00:01] Lacryma gibt auf} 1-0

[Event "Villarobledo Online Qualifyer"]
[Site "playchess.com #155672"]
[Date "2009.05.23"]
[Round "9"]
[White "Miras"]
[Black "Timeh123"]
[Result "1-0"]
[WhiteElo "1690"]
[BlackElo "1538"]
[PlyCount "63"]
[EventDate "2009.05.23"]
[EventType "swiss (blitz)"]

1. e4 {[%emt 0:00:03]} d5 {[%emt 0:02:13]} 2. exd5 {[%emt 0:00:08]} Nf6 {[%emt
0:00:04]} 3. d4 {[%emt 0:00:02]} Nxd5 {[%emt 0:00:01]} 4. Nf3 {[%emt 0:00:00]}
Nc6 {[%emt 0:00:01]} 5. c4 {[%emt 0:00:02]} Nf6 {[%emt 0:00:02]} 6. Be2 {[%emt
0:00:06]} Bg4 {[%emt 0:00:02]} 7. Be3 {[%emt 0:00:06]} e6 {[%emt 0:00:04]} 8.
Nbd2 {[%emt 0:00:01]} Bb4 {[%emt 0:00:01]} 9. O-O {[%emt 0:00:01]} O-O {[%emt
0:00:02]} 10. a3 {[%emt 0:00:02]} Bxd2 {[%emt 0:00:01]} 11. Qxd2 {[%emt 0:00:
01]} Ne4 {[%emt 0:00:04]} 12. Qc2 {[%emt 0:00:01]} Bxf3 {[%emt 0:00:01]} 13.
Bxf3 {[%emt 0:00:02]} Nf6 {[%emt 0:00:02]} 14. Rad1 {[%emt 0:00:04]} Rb8 {
[%emt 0:00:03]} 15. d5 {[%emt 0:00:14]} exd5 {[%emt 0:00:01]} 16. cxd5 {[%emt
0:00:02]} Ne7 {[%emt 0:00:01]} 17. Bxa7 {[%emt 0:00:04]} Ra8 {[%emt 0:00:03]}
18. Bc5 {[%emt 0:00:00]} b6 {[%emt 0:00:03]} 19. Bb4 {[%emt 0:00:06]} Re8 {
[%emt 0:00:00]} 20. d6 {[%emt 0:00:07]} Ng6 {[%emt 0:00:07]} 21. Bxa8 {[%emt 0:
00:02]} cxd6 {[%emt 0:00:02]} 22. Bf3 {[%emt 0:00:06]} d5 {[%emt 0:00:01]} 23.
Rfe1 {[%emt 0:00:13]} Rxe1+ {[%emt 0:00:05]} 24. Rxe1 {[%emt 0:00:00]} d4 {
[%emt 0:00:00]} 25. Rd1 {[%emt 0:00:20]} Ne5 {[%emt 0:00:02]} 26. Be4 {[%emt 0:
00:08]} h6 {[%emt 0:00:14]} 27. h3 {[%emt 0:00:06]} Qd7 {[%emt 0:00:09]} 28.
Bc3 {[%emt 0:00:01]} Nc6 {[%emt 0:00:05]} 29. Bxc6 {[%emt 0:00:08]} Qxc6 {
[%emt 0:00:01]} 30. Rxd4 {[%emt 0:00:00]} Nd5 {[%emt 0:00:07]} 31. Qd3 {[%emt
0:00:04]} Nxc3 {[%emt 0:00:05]} 32. Rd8+ {[%emt 0:00:01] Tijd} 1-0

[Event "Villarobledo Online Qualifyer"]
[Site "playchess.com #155672"]
[Date "2009.05.23"]
[Round "9"]
[White "Direchess"]
[Black "Musterlukas"]
[Result "1/2-1/2"]
[WhiteElo "2052"]
[BlackElo "1720"]
[PlyCount "76"]
[EventDate "2009.05.23"]
[EventType "swiss (blitz)"]

1. e4 {[%emt 0:00:02]} c5 {[%emt 0:00:04]} 2. Nf3 {[%emt 0:00:01]} d6 {[%emt 0:
00:02]} 3. d4 {[%emt 0:00:01]} cxd4 {[%emt 0:00:01]} 4. Nxd4 {[%emt 0:00:00]}
Nf6 {[%emt 0:00:01]} 5. Nc3 {[%emt 0:00:01]} a6 {[%emt 0:00:01]} 6. f3 {[%emt
0:00:01]} e6 {[%emt 0:00:03]} 7. Be3 {[%emt 0:00:02]} Qc7 {[%emt 0:00:01]} 8.
Qd2 {[%emt 0:00:02]} Nc6 {[%emt 0:00:01]} 9. O-O-O {[%emt 0:00:03]} Nxd4 {
[%emt 0:00:01]} 10. Bxd4 {[%emt 0:00:02]} b5 {[%emt 0:00:01]} 11. g4 {[%emt 0:
00:04]} Bb7 {[%emt 0:00:01]} 12. g5 {[%emt 0:00:02]} Nd7 {[%emt 0:00:01]} 13.
h4 {[%emt 0:00:02]} Ne5 {[%emt 0:00:03]} 14. Qf2 {[%emt 0:00:07]} Rc8 {[%emt 0:
00:06]} 15. Kb1 {[%emt 0:00:04]} Nc4 {[%emt 0:00:12]} 16. Bxc4 {[%emt 0:00:15]}
Qxc4 {[%emt 0:00:05]} 17. h5 {[%emt 0:00:02]} e5 {[%emt 0:00:08]} 18. Be3 {
[%emt 0:00:03]} b4 {[%emt 0:00:03]} 19. Nd5 {[%emt 0:00:04]} Bxd5 {[%emt 0:00:
02]} 20. Rxd5 {[%emt 0:00:00]} Be7 {[%emt 0:00:05]} 21. Rhd1 {[%emt 0:00:04]}
O-O {[%emt 0:00:04]} 22. g6 {[%emt 0:00:29]} fxg6 {[%emt 0:00:07]} 23. h6 {
[%emt 0:00:02]} Rf7 {[%emt 0:00:11]} 24. hxg7 {[%emt 0:00:03]} Rxg7 {[%emt 0:
00:07]} 25. Qg2 {[%emt 0:00:26]} Rf7 {[%emt 0:00:05]} 26. R5d2 {[%emt 0:00:05]}
a5 {[%emt 0:00:06]} 27. Rh1 {[%emt 0:00:16]} a4 {[%emt 0:00:12]} 28. Bg5 {
[%emt 0:00:10]} b3 {[%emt 0:00:22]} 29. axb3 {[%emt 0:00:07]} axb3 {[%emt 0:00:
03]} 30. cxb3 {[%emt 0:00:08]} Qxb3 {[%emt 0:00:23]} 31. Bxe7 {[%emt 0:00:03]}
Rxe7 {[%emt 0:00:11]} 32. Rxd6 {[%emt 0:00:03]} Rg7 {[%emt 0:00:30]} 33. Rhd1 {
[%emt 0:00:19]} Kh8 {[%emt 0:00:18]} 34. Qh2 {[%emt 0:00:16]} Qb5 {[%emt 0:00:
26]} 35. R6d5 {[%emt 0:00:05]} Qb8 {[%emt 0:00:03]} 36. Rd6 {[%emt 0:00:20] .}
Qb5 {[%emt 0:00:03]} 37. R1d5 {[%emt 0:00:04]} Qf1+ {[%emt 0:00:02]} 38. Rd1 {
[%emt 0:00:02]} Qb5 {[%emt 0:00:01]} 1/2-1/2

[Event "Villarobledo Online Qualifyer"]
[Site "playchess.com #155672"]
[Date "2009.05.23"]
[Round "9"]
[White "Ricardov"]
[Black "Jebe"]
[Result "1-0"]
[WhiteElo "2346"]
[BlackElo "1986"]
[PlyCount "103"]
[EventDate "2009.05.23"]
[EventType "swiss (blitz)"]

1. e4 {[%emt 0:00:02]} c5 {[%emt 0:00:01]} 2. d4 {[%emt 0:00:01]} cxd4 {[%emt
0:00:08]} 3. Nf3 {[%emt 0:00:03]} Nc6 {[%emt 0:00:05]} 4. c3 {[%emt 0:00:02]}
d3 {[%emt 0:00:01]} 5. Bxd3 {[%emt 0:00:03]} g6 {[%emt 0:00:03]} 6. O-O {[%emt
0:00:02]} Bg7 {[%emt 0:00:06] Ricardov reconnected.} 7. Bf4 {[%emt 0:00:02]} d6
{[%emt 0:00:03]} 8. Qe2 {[%emt 0:00:02]} Bg4 {[%emt 0:00:03]} 9. h3 {[%emt 0:
00:02]} Bxf3 {[%emt 0:00:01]} 10. Qxf3 {[%emt 0:00:01]} Nf6 {[%emt 0:00:02]}
11. Qe3 {[%emt 0:00:03]} O-O {[%emt 0:00:06]} 12. Bh6 {[%emt 0:00:02]} Ne5 {
[%emt 0:00:04]} 13. Bxg7 {[%emt 0:00:02]} Kxg7 {[%emt 0:00:00]} 14. Be2 {[%emt
0:00:01]} Qc7 {[%emt 0:00:05]} 15. Nd2 {[%emt 0:00:03]} Qc5 {[%emt 0:00:12]}
16. Qxc5 {[%emt 0:00:02]} dxc5 {[%emt 0:00:01]} 17. f4 {[%emt 0:00:01]} Nc6 {
[%emt 0:00:03]} 18. Bf3 {[%emt 0:00:05]} e5 {[%emt 0:00:05]} 19. f5 {[%emt 0:
00:05]} Rad8 {[%emt 0:00:05]} 20. Rad1 {[%emt 0:00:03]} b5 {[%emt 0:00:12]} 21.
Nb3 {[%emt 0:00:06]} c4 {[%emt 0:00:01]} 22. Nc5 {[%emt 0:00:01]} g5 {[%emt 0:
00:10]} 23. g4 {[%emt 0:00:09]} h5 {[%emt 0:00:28]} 24. gxh5 {[%emt 0:00:05]}
Rh8 {[%emt 0:00:01]} 25. Kg2 {[%emt 0:00:04]} Nxh5 {[%emt 0:00:03]} 26. Bxh5 {
[%emt 0:00:02]} Rxh5 {[%emt 0:00:01]} 27. Rxd8 {[%emt 0:00:02]} Nxd8 {[%emt 0:
00:01]} 28. f6+ {[%emt 0:00:08]} Kg6 {[%emt 0:00:27]} 29. Nd7 {[%emt 0:00:01]}
Ne6 {[%emt 0:00:06]} 30. Nxe5+ {[%emt 0:00:03]} Kh7 {[%emt 0:00:00]} 31. Nxf7 {
[%emt 0:00:06]} Nf4+ {[%emt 0:00:01]} 32. Kg3 {[%emt 0:00:06]} Kg6 {[%emt 0:00:
11]} 33. Nxg5 {[%emt 0:00:11]} Rxg5+ {[%emt 0:00:28]} 34. Kxf4 {[%emt 0:00:01]}
Kxf6 {[%emt 0:00:01]} 35. Rd1 {[%emt 0:00:08]} Rg2 {[%emt 0:00:03]} 36. Rd6+ {
[%emt 0:00:02]} Ke7 {[%emt 0:00:01]} 37. Ra6 {[%emt 0:00:02]} Rxb2 {[%emt 0:00:
04]} 38. Ke5 {[%emt 0:00:02]} Rh2 {[%emt 0:00:03]} 39. Rxa7+ {[%emt 0:00:01]}
Kd8 {[%emt 0:00:01]} 40. Kd6 {[%emt 0:00:02]} Rd2+ {[%emt 0:00:01]} 41. Kc6 {
[%emt 0:00:02]} Rd3 {[%emt 0:00:01]} 42. h4 {[%emt 0:00:10]} b4 {[%emt 0:00:01]
} 43. cxb4 {[%emt 0:00:06]} c3 {[%emt 0:00:01]} 44. Ra5 {[%emt 0:00:03]} Rd4 {
[%emt 0:00:09]} 45. Rc5 {[%emt 0:00:06]} Rxe4 {[%emt 0:00:01]} 46. b5 {[%emt 0:
00:03]} Rxh4 {[%emt 0:00:03]} 47. b6 {[%emt 0:00:01]} Kc8 {[%emt 0:00:06]} 48.
Kb5+ {[%emt 0:00:03]} Kb8 {[%emt 0:00:04]} 49. a4 {[%emt 0:00:03]} Rh2 {[%emt
0:00:11]} 50. a5 {[%emt 0:00:11]} Rb2+ {[%emt 0:00:05]} 51. Ka6 {[%emt 0:00:01]
} c2 {[%emt 0:00:02]} 52. Rc3 {[%emt 0:00:05] Jebe gibt auf} 1-0